000 00559nam a22001697a 4500
999 _c3658
_d3658
008 160803b xxu||||| |||| 00| 0 eng d
020 _a978-971-9647-04-1
082 _aDFil 363.232 Sa15 2016
100 _912184
_aSadaran, Renato B.
245 _aPolice patrol operations with police communications systems/
_cRenato B. Sadaran.
250 _aSecond edition.
260 _aQuezon City:
_bChapterHouse Pub.,
_cc2016.
300 _a180 pages;
_c22 cm.
500 _aIncludes bibliographical references.
650 0 _912185
_aPolice patrol.
942 _2ddc
_cDFIL